Els nostres fills i l'escola / (Record no. 61109)

MARC details
000 -LEADER
campo de control de longitud fija 00709nam a2200229 i 4500
001 - NÚMERO DE CONTROL
campo de control 61109
003 - IDENTIFICADOR DE NÚMERO DE CONTROL
campo de control ES-MaACL
005 - FECHA Y HORA DE LA ÚLTIMA TRANSACCIÓN
campo de control 20250828023340.0
007 - CAMPO FIJO DE DESCRIPCIÓN FÍSICA--INFORMACIÓN GENERAL
campo de control de longitud fija t|
008 - DATOS DE LONGITUD FIJA--INFORMACIÓN GENERAL
campo de control de longitud fija 031110s1969 sp ||||1| cat d
100 1# - ENTRADA PRINCIPAL--NOMBRE DE PERSONA
Nombre de persona Etavard, Paulette.
9 (RLIN) 48265
245 14 - MENCIÓN DEL TÍTULO
Título Els nostres fills i l'escola /
Mención de responsabilidad, etc. Paulette Etavard ; [traducció de Johanna Givanel].
250 ## - MENCION DE EDICION
Mención de edición [1ª ed.].
260 ## - PUBLICACIÓN, DISTRIBUCIÓN, ETC.
Lugar de publicación, distribución, etc. Barcelona :
Nombre del editor, distribuidor, etc. Nova Terra,
Fecha de publicación, distribución, etc. [1969]
300 ## - DESCRIPCIÓN FÍSICA
Extensión 248 p. ;
Dimensiones 20 cm.
490 1# - MENCIÓN DE SERIE
Mención de serie Col·lecció "Nadal" ;
Designación de volumen o secuencia 22
650 07 - PUNTO DE ACCESO ADICIONAL DE MATERIA--TÉRMINO DE MATERIA
Término de materia o nombre geográfico como elemento de entrada Educación de niños
Fuente del encabezamiento o término embne
9 (RLIN) 12099
700 1# - ENTRADA AGREGADA--NOMBRE PERSONAL
Nombre de persona Givanel, Johanna.
9 (RLIN) 57379
830 0# - PUNTO DE ACCESO ADICIONAL DE SERIE-TÍTULO UNIFORME
Título uniforme Col·lecció "Nadal" ;
Designación de volumen o secuencia 22
9 (RLIN) 181843
852 ## - LOCALIZACIÓN
Ubicación ES-MaACL
Número de control de estantería C-36822
Sublocalización o colección R.70703
Holdings
Estatus retirado Estado de pérdida Estado de daño No para préstamo Biblioteca de origen Biblioteca actual Ubicación en estantería Fecha de adquisición Fuente de adquisición Total de préstamos Signatura topográfica completa Código de barras Visto por última vez Precio de reemplazo Tipo de ítem Koha
        Biblioteca del Ateneo de Madrid Biblioteca del Ateneo de Madrid Depósito 2 17/01/2008     C-36822 1064082 23/02/2023 23/02/2023 Libro impreso